A-Z: animals & plants ending in A - Statistics

General Stats
  • This quiz has been taken 41 times
  • The average score is 12 of 26
Answer Stats
Initial letter Clue Organism's name ending in A % Correct
A South American snake which is the world's heaviest Anaconda
100%
C Tiny breed of dog with a Mexican name Chihuahua
92%
G Large African ape Gorilla
89%
Z Black and white striped horse-like resident of the savannah Zebra
83%
B Large, crushing snake from the Americas Boa
81%
L Big furry animal from the Andes Llama
78%
E Australian monotreme (egg-laying mammal related to the platypus) resembling a porcupine Echidna
75%
H Predatory mammal of the African savannah Hyena
75%
P South American fish capable of en-masse attacks on swimmers Piranha
69%
T Type of plant which produces a popular hot drink Tea
69%
I African antelope Impala
50%
K Kingfisher-like Australian bird with a laughing sound Kookaburra
44%
Q Small type of wallaby Quokka
44%
V Flowering plant which is a type of violet Viola
42%
N Member of the buttercup family (ranunculaceae) with the same name as a British TV chef Nigella
31%
J Hopping rodent of the desert Jerboa
28%
M The sea-going version of a large lizard associated with the Galapagos Marine iguana
28%
F Pink flower which resembles dancing ladies in dresses Fuchsia
25%
U The genus of plants which nettles are in Urtica
25%
R Very cute mammal from the Himalayas, not related to the other species which has a similar name Red panda
22%
D Flightless bird which Charles Darwin discovered as a new species when he was served it at dinner on board his ship Darwin's rhea
19%
X Small fish with translucent skin whose name includes the Greek word for "four" X-ray tetra
19%
O Huge reddish-yellow spider named after a large type of monkey Orange baboon tarantula
14%
S The commonest variety of a large blue fish whose meat is often sold in tins Skipjack tuna
14%
W Shrub with red flowers Weigela
14%
Y Venomous Asian snake Yellow cobra
14%
No matching quizzes found
Score Distribution
Percent of People with Each Score
Percentile by Number Answered
Your Score History
You have not taken this quiz